LEADER 00854nam0-22003131i-450- 001 990006373290403321 005 20060207120232.0 035 $a000637329 035 $aFED01000637329 035 $a(Aleph)000637329FED01 035 $a000637329 100 $a20000112d1981----km-y0itay50------ba 101 0 $aita 105 $a--------00-yy 200 1 $a<>imposta sul valore aggiunto$fAngelo Dus. 210 $aTorino$cUtet$d1981 215 $a2 v.$d24 cm 225 1 $aTeoria e pratica tributaria$v1 327 0 $a1.: Vol.1$a2.: Vol.2 676 $a343.055 700 1$aDus,$bAngelo$0239582 801 0$aIT$bUNINA$gRICA$2UNIMARC 901 $aBK 912 $a990006373290403321 952 $aXIV C 282 (1)$b113181$fFGBC 952 $aDT II/120/1$b7164$fDEC 959 $aFGBC 996 $aImposta sul valore aggiunto$9659744 997 $aUNINA LEADER 01209oam 2200361z- 450 001 9910455537103321 005 20210114174719.0 035 $a(OCoLC)568021312 035 $a(CKB)1000000000771860 035 $a(MiAaPQ)EBC3411421 035 $a(EXLCZ)991000000000771860 100 $a20151207c2003uuuu -u- - 101 0 $aeng 135 $aur|n####a|||a 181 $ctxt$2rdacontent 182 $cc$2rdamedia 183 $acr$2rdacarrier 200 00$aComputer interfaces $ehand, eyes, voice and mind /$fedited by Kimberly Patch, Eric Smalley 210 1$aBoston, Mass. :$cTechnology Research News,$d2003. 215 $a1 online resource (41 pages) $cillustrations 225 1 $aTRN's making the future report ;$vno. 3 (Feb. 2003) 410 0$aTRN's making the future report ;$vno. 3. 606 $aUser interfaces (Computer systems) 606 $aUser-Computer Interface$3(DNLM)D014584 608 $aElectronic books. 615 0$aUser interfaces (Computer systems) 615 2$aUser-Computer Interface. 701 $aPatch$b Kimberly$0905345 702 $aSmalley$b Eric 906 $aBOOK 912 $a9910455537103321 996 $aComputer interfaces$92024971 997 $aUNINA LEADER 00952nam0 22002771i 450 001 UON00349413 005 20231205104334.982 100 $a20091207d1945 |0itac50 ba 101 $afre 102 $aFR 105 $a|||| 1|||| 200 1 $aApollinaire$fAndré Rouveyre 205 $a10e édition 210 $a[Paris]$cGallimard$dc1945 215 $a268 p.$d18 cm. 606 $aAPOLLINAIRE GUILLAUME$3UONC043161$2FI 620 $aFR$dParis$3UONL002984 676 $a844$cLetteratura francese. Saggi$v21 700 1$aROUVEYRE$bAndré$3UONV194699$0703512 712 $aGallimard$3UONV246610$4650 801 $aIT$bSOL$c20240220$gRICA 899 $aSIBA - SISTEMA BIBLIOTECARIO DI ATENEO$2UONSI 912 $aUON00349413 950 $aSIBA - SISTEMA BIBLIOTECARIO DI ATENEO$dSI Francese VI B APO ROU $eSI MR 37783 5 996 $aApollinaire$91360343 997 $aUNIOR LEADER 04616oam 22009854 450 001 9910965895703321 005 20250426110617.0 010 $a9786612844638 010 $a9781462394098 010 $a1462394094 010 $a9781452738956 010 $a1452738955 010 $a9781282844636 010 $a1282844636 010 $a9781451874211 010 $a1451874219 035 $a(CKB)3170000000055398 035 $a(OCoLC)680613519 035 $a(IMF)WPIEE2009276 035 $a(MiAaPQ)EBC1606004 035 $a(IMF)WPIEA2009276 035 $aWPIEA2009276 035 $a(EXLCZ)993170000000055398 100 $a20020129d2009 uf 0 101 0 $aeng 135 $aurcn||||||||| 181 $ctxt$2rdacontent 182 $cc$2rdamedia 183 $acr$2rdacarrier 200 10$aAccounting for Global Dispersion of Current Accounts /$fJaewoo Lee, Yongsung Chang, Sun-Bin Kim 205 $a1st ed. 210 1$aWashington, D.C. :$cInternational Monetary Fund,$d2009. 215 $a33 p. $cill 225 1 $aIMF Working Papers 311 08$a9781451918373 311 08$a1451918372 320 $aIncludes bibliographical references. 327 $aCover Page -- Title Page -- Copyright Page -- Contents -- I. Introduction -- II. Global Dispersion of Current Accounts -- 1. Current Account to GDP -- 1. Distributions of Current Account, Net Foreign Asset, and Trade Balance -- 2. Net Foreign Asset to GDP -- 3. Trade Balance to GDP -- III. Theory -- A. Motivation -- B. Model -- IV. Quantitative Analysis -- A. Calibration -- 2. Parameters of the Benchmark Model Economy -- B. Benchmark Economy -- 4. Stationary Distribution of Benchmark Economy -- 5. Stationary Distribution of Benchmark Economy -- 3. Standard Deviations of Current Account, Net Foreign Asset, and Trade Balance -- C. Economies under Greater Frictions -- 6. Model Comparison: Current Account/GDP -- D. Comparing Stylized Facts among Model Economies -- 4. Persistence of Current Account, Net Foreign Asset, and Trade Balance -- 5. Distribution of Current Account -- E. Discussion -- V. Conclusion -- A. National Incomes -- B. Current Accounts -- References -- Footnotes. 330 3 $aWe undertake a quantitative analysis of the dispersion of current accounts in an open economy version of incomplete insurance model, incorporating important market frictions in trade and financial flows. Calibrated with conventional parameter values, the stochastic stationary equilibrium of the model with limited borrowing can account for about two-thirds of the global dispersion of current accounts. The easing of financial frictions can explain nearly all changes in the current account dispersion in the past four decades whereas the easing of trade frictions has almost no impact on the current account dispersion. 410 0$aIMF Working Papers; Working Paper ;$vNo. 2009/276 606 $aAccounting 606 $aDeficit financing 606 $aBalance of payments$2imf 606 $aBalance of trade$2imf 606 $aCurrent Account Adjustment$2imf 606 $aCurrent account balance$2imf 606 $aCurrent account imbalances$2imf 606 $aCurrent account$2imf 606 $aEmpirical Studies of Trade$2imf 606 $aExports and Imports$2imf 606 $aForeign assets$2imf 606 $aInternational economics$2imf 606 $aInternational Investment$2imf 606 $aInvestments, Foreign$2imf 606 $aLong-term Capital Movements$2imf 606 $aShort-term Capital Movements$2imf 606 $aTrade balance$2imf 607 $aUnited States$2imf 615 0$aAccounting. 615 0$aDeficit financing. 615 7$aBalance of payments 615 7$aBalance of trade 615 7$aCurrent Account Adjustment 615 7$aCurrent account balance 615 7$aCurrent account imbalances 615 7$aCurrent account 615 7$aEmpirical Studies of Trade 615 7$aExports and Imports 615 7$aForeign assets 615 7$aInternational economics 615 7$aInternational Investment 615 7$aInvestments, Foreign 615 7$aLong-term Capital Movements 615 7$aShort-term Capital Movements 615 7$aTrade balance 676 $a332.152 700 $aLee$b Jaewoo$01816497 701 $aChang$b Yongsung$01816636 701 $aKim$b Sun-Bin$01816637 712 02$aInternational Monetary Fund. 801 0$bDcWaIMF 906 $aBOOK 912 $a9910965895703321 996 $aAccounting for Global Dispersion of Current Accounts$94372889 997 $aUNINA